History Quiz

Random History Quiz

3 historical events VII Quiz Stats

 Plays Quiz not verified by Sporcle

Support Sporcle.
Go Orange.
Score 0/3 Timer 00:15
0 Plays Today
Question Answer Wrong Answers
1944 Normandy landings
89.2%
Battle of Stalingrad
5.1%
Battle of Berlin
4.4%
1943 Battle of Stalingrad
87.3%
Normandy landings
8.9%
Battle of Berlin
3.8%
1945 Battle of Berlin
79.7%
Normandy landings
15.8%
Battle of Stalingrad
4.4%

You're not logged in!

Compare scores with friends on all Sporcle quizzes.
OR
Log In
Forgot?

From the Vault

NBA Top Four Starting Lineups (2010s)

by sultanofswing

The first four are somewhere else, still looking for them.
Remove Ads.
Support Sporcle.
Get the best of Sporcle when you Go Orange. This ad-free experience offers more features, more stats, and more fun while also helping to support Sporcle. Thank you for becoming a member.

Show Comments

Extras

Top Quizzes Today


Score Distribution

Your Account Isn't Verified!

In order to create a playlist on Sporcle, you need to verify the email address you used during registration. Go to your Sporcle Settings to finish the process.

Report this User

Report this user for behavior that violates our Community Guidelines.

Details: